[Event "World Seniors"]
[Site "Arco ITA"]
[Date "2001.10.22"]
[Round "6"]
[White "Hecht,HJ"]
[Black "Lainburg,V"]
[Result "0-1"]
[WhiteElo "2418"]
[BlackElo "2235"]

1.d4 d5 2.c4 Nc6 3.Nc3 e5 4.cxd5 Nxd4 5.e3 Nf5 6.Nf3 f6 7.Bd3 g6 8.O-O Ngh6
9.Bd2 Nf7 10.Bb5+ Bd7 11.Bxd7+ Qxd7 12.e4 N5d6 13.Ne1 Be7 14.Qb3 b6 15.Rc1 O-O
16.Nd3 a5 17.a4 Kg7 18.Be3 Rae8 19.f3 f5 20.Nb5 Nxb5 21.axb5 Bd6 22.exf5 gxf5
23.f4 h6 24.fxe5 Nxe5 25.Bd4 Kh7 26.Nxe5 Bxe5 27.Bxe5 Rxe5 28.Qg3 Re7 29.Rc6 Rg7
30.Qe5 Rff7 31.Rf3 Qe7 32.Rxh6+ Kxh6 33.Rh3+ Kg6 34.Qg3+ Qg5 35.Qc3 f4 36.Qc6+ Qf6
37.Qc2+ Qf5 38.Qc6+ Qf6 39.Qc2+ Kg5 40.Qc4 Rh7  0-1

[Event "IM"]
[Site "Le Touquet FRA"]
[Date "2001.10.27"]
[Round "1"]
[White "Mancini,M"]
[Black "Clery,N"]
[Result "1-0"]
[WhiteElo "2291"]
[BlackElo "2319"]

1.d4 d5 2.c4 Nc6 3.Nc3 dxc4 4.Nf3 Nf6 5.d5 Na5 6.Qa4+ c6 7.b4 b5 8.Qxa5 Qxa5
9.bxa5 b4 10.Nd1 cxd5 11.g3 e6 12.Bg2 Ba6 13.O-O Be7 14.Be3 O-O 15.Ne5 Rfc8
16.f4 Ne4 17.Nf2 Nc3 18.Rfe1 Rc7 19.Nd1 Nb5 20.Nb2 Rd8 21.Bf2 f6 22.Nf3 d4
23.Rad1 c3 24.Nd3 Rcd7 25.Nc1 Bb7 26.Nb3 Bd5 27.Rc1 Bc4 28.Bf1 Kf7 29.Red1 d3
30.exd3 Bxd3 31.Nc5 Bxc5 32.Bxc5 c2 33.Rxd3 Rxd3 34.Bxd3 Rxd3 35.Kf2 Nc3
36.Rxc2 Ne4+ 37.Ke2 Nxc5 38.Rxc5 Ra3 39.Rc7+ Kg6 40.Rxa7 Rxa2+ 41.Nd2 h5
42.Kd3 e5 43.fxe5 fxe5 44.Nc4 Rxh2 45.Nxe5+ Kf6 46.Kd4 Rd2+ 47.Nd3 Rg2 48.Rb7 g5
49.a6 Ra2 50.Nxb4 Ra5 51.a7 Kf5 52.Nc6 Ra6 53.Rb5+ Kg4 54.Ra5 Rxa7 55.Nxa7 h4
56.gxh4 gxh4 57.Ke3  1-0

[Event "TCh-AUT 2001-2"]
[Site "Moerbisch AUT"]
[Date "2001.11.03"]
[Round "4"]
[White "Varga,P"]
[Black "Rabiega,R"]
[Result "1/2-1/2"]
[WhiteElo "2484"]
[BlackElo "2503"]

1.d4 d5 2.c4 Nc6 3.cxd5 Qxd5 4.e3 e5 5.Nc3 Bb4 6.Bd2 Bxc3 7.Bxc3 exd4 8.Ne2 Nf6
9.Nxd4 O-O 10.Nb5 Qg5 11.h4 Qh6 12.Qf3 Bg4 13.Qg3 Rad8 14.Bc4 Be6 15.Bxe6 fxe6
16.Qg5 Qxg5 17.hxg5 Nd5 18.Nd4 Nxd4 19.Bxd4 Nb4 20.Ke2 Nc2 21.Rac1 Nxd4+
22.exd4 Rxd4 23.Rxc7 Rg4 24.g3 Rxg5 25.Rxb7 Re5+ 26.Kf1 Ref5 27.Rh2 a5 28.Kg1 Rc8
29.f4 Rc1+ 30.Kg2 Rc2+ 31.Kg1 Rc1+ 32.Kg2 Rc2+  1/2-1/2

[Event "sf ch-NED"]
[Site "Leeuwarden NED"]
[Date "2001.11.18"]
[Round "1.2"]
[White "Janssen,R"]
[Black "Snuverink,Joc"]
[Result "1-0"]
[WhiteElo "2475"]
[BlackElo "2136"]

1.d4 d5 2.c4 Nc6 3.Nf3 Bg4 4.Nc3 dxc4 5.d5 Bxf3 6.exf3 Ne5 7.Bf4 Nd3+ 8.Bxd3 cxd3
9.Qxd3 Nf6 10.Qb5+ Qd7 11.Qxb7 Rd8 12.Nb5 Rc8 13.Nxa7 Nxd5 14.O-O-O c6 15.Qxc8+ Qxc8
16.Nxc8 Nxf4 17.Na7  1-0

[Event "NCC"]
[Site "Philadelphia USA"]
[Date "2001.11.24"]
[Round "3"]
[White "Polyakin,V"]
[Black "Formanek,E"]
[Result "0-1"]
[WhiteElo "2143"]
[BlackElo "2294"]

1.d4 d5 2.c4 Nc6 3.Nf3 Bg4 4.e3 e6 5.Nc3 Nf6 6.h3 Bh5 7.Be2 dxc4 8.Qa4 Bd6
9.e4 Bb4 10.Bg5 Bxf3 11.Bxf6 gxf6 12.Bxf3 Qxd4 13.O-O O-O 14.Ne2 Qc5 15.Ng3 b5
16.Qc2 Nd4 17.Qc1 Qg5 18.b3 Qxc1 19.Rfxc1 Ba3 20.Rd1 Nxf3+ 21.gxf3 c3  0-1

[Event "ch-GER"]
[Site "Altenkirchen GER"]
[Date "2001.12.01"]
[Round "2"]
[White "Levin,F"]
[Black "Breutigam,M"]
[Result "1/2-1/2"]
[WhiteElo "2531"]
[BlackElo "2411"]

1.d4 d5 2.c4 Nc6 3.Nc3 Nf6 4.Nf3 dxc4 5.e4 Bg4 6.Be3 e6 7.Bxc4 Bb4 8.Qc2 O-O
9.Rd1 Bxf3 10.gxf3 Nh5 11.e5 Kh8 12.Qe4 f5  1/2-1/2

[Event "Christmas Open"]
[Site "Zadar CRO"]
[Date "2001.12.15"]
[Round "1"]
[White "Podrug,F"]
[Black "Kovacevic,B"]
[Result "0-1"]
[WhiteElo "2060"]
[BlackElo "2434"]

1.d4 d5 2.c4 Nc6 3.Nf3 Bg4 4.e3 e6 5.a3 Nf6 6.Nbd2 Be7 7.b4 O-O 8.Bb2 Ne4
9.Qc2 Bf5 10.Bd3 Bxb4 11.O-O Bxd2 12.Bxe4 Bxe4 13.Qxd2 dxc4 14.Rfc1 b5 15.a4 a6
16.axb5 axb5 17.Rxa8 Qxa8 18.Ng5 Bd3 19.Ra1 Qb7 20.e4 h6 21.d5 exd5 22.exd5 hxg5
23.Qxg5 f6 24.dxc6 Qxc6 25.Qd2 Re8 26.Bc3 Re2 27.Qf4 Qd6 28.Qg4 Re8 29.Qh5 Qc6
30.Ra6 Qe4 31.h3 c6 32.Ra7 Qg6 33.Qc5 Be4 34.g4 Bd5 35.Qd4 b4 36.Bxb4 Qb1+
37.Kh2 Qxb4 38.g5 Qd6+ 39.f4 Qe6 40.gxf6 Qe2+ 41.Kg3 Re3+ 42.Kh4 Qf2+  0-1

[Event "13th Masters"]
[Site "Clichy FRA"]
[Date "2001.12.17"]
[Round "3"]
[White "Verat,L"]
[Black "Dubois,L"]
[Result "1-0"]
[WhiteElo "2337"]
[BlackElo "2239"]

1.d4 d5 2.c4 Nc6 3.cxd5 Qxd5 4.e3 e5 5.Nc3 Bb4 6.Bd2 Bxc3 7.Bxc3 exd4 8.Ne2 Nf6
9.Nxd4 O-O 10.Be2 Ne4 11.O-O Nxc3 12.bxc3 Ne5 13.Qb3 Qe4 14.c4 c5 15.Nb5 Bd7
16.Nc3 Qh4 17.Nd5 b6 18.f4 Nc6 19.f5 Rae8 20.Rf4 Qg5 21.Raf1 Ne5 22.f6 Bh3
23.R1f2 g6 24.Qc3 Nc6 25.e4 Bd7 26.h4 Qe5 27.Qg3 Nd4 28.Ne7+ Kh8 29.Bg4 Bxg4
30.Qxg4 Rd8 31.h5 Ne6 32.hxg6 fxg6 33.Nxg6+ hxg6 34.Qxg6 Rd1+ 35.Kh2 Qg5
36.Qxg5 Nxg5 37.Rf5 Nxe4 38.R2f4 Rd4 39.Rg4 Nxf6 40.Rg6  1-0

[Event "13th Masters"]
[Site "Clichy FRA"]
[Date "2001.12.21"]
[Round "7"]
[White "Inkiov,V"]
[Black "Dubois,L"]
[Result "1-0"]
[WhiteElo "2500"]
[BlackElo "2239"]

1.d4 d5 2.c4 Nc6 3.Nf3 Bg4 4.Qa4 Bxf3 5.exf3 dxc4 6.Bxc4 Qxd4 7.Nc3 e6 8.Be3 Qe5
9.Bb5 Ne7 10.O-O O-O-O 11.Rad1 Rxd1 12.Rxd1 a5 13.f4 Qh5 14.b4 Nd5 15.Nxd5 Nxb4
16.Be2 Qxe2 17.Qe8+  1-0

[Event "Christmas Open"]
[Site "Zurich SUI"]
[Date "2001.12.30"]
[Round "7"]
[White "Goldstern,F"]
[Black "Wyss,T"]
[Result "1-0"]
[WhiteElo "2384"]
[BlackElo "2249"]

1.d4 d5 2.c4 Nc6 3.Nf3 Bg4 4.Nc3 e6 5.cxd5 exd5 6.Bf4 Bxf3 7.gxf3 Bd6 8.Bg3 Bxg3
9.hxg3 Nf6 10.e3 Qe7 11.Bb5 O-O 12.Bxc6 bxc6 13.Na4 Qb4+ 14.Kf1 c5 15.dxc5 d4
16.Qxd4 Qb5+ 17.Kg2 Rfd8 18.Qh4 Rd2 19.Rad1 Rad8 20.Nc3 Qe8 21.Rxd2 Rxd2
22.Ne4 Nxe4 23.Qxh7+ Kf8 24.fxe4 Qe5 25.Rh5 Qxb2 26.Rf5 Qc3 27.Qh8+ Ke7 28.Qh4+ f6
29.e5 Rxa2 30.exf6+ gxf6 31.Qe4+ Kf7 32.Qd5+ Kg6 33.g4  1-0

[Event "39th BPCL ch-IND"]
[Site "Nagpur IND"]
[Date "2002.01.16"]
[Round "1"]
[White "Murali Krishnan,B"]
[Black "Sareen,V"]
[Result "0-1"]
[WhiteElo "2331"]
[BlackElo "2346"]

1.d4 d5 2.c4 Nc6 3.Nc3 dxc4 4.d5 Ne5 5.f4 Ng6 6.e4 e5 7.f5 Nf4 8.Nf3 Bd6
9.Qa4+ Bd7 10.Qxc4 Nh5 11.g4 Nhf6 12.g5 Nh5 13.Be3 a6 14.O-O-O h6 15.Rg1 hxg5
16.Bxg5 Ngf6 17.Nd2 b5 18.Qd3 Qb8 19.Nb3 Kf8 20.Kb1 b4 21.Ne2 a5 22.Rc1 a4
23.Nc5 Bb5 24.Qe3 Qb6 25.Ng3 Nxg3 26.Bxf6 gxf6 27.Rxg3 Bxc5 28.Rxc5 Bxf1
29.Qc1 Rc8 30.Rc6 Qb5 31.d6 Bd3+ 32.Ka1 Bxe4 33.Rxc7 Rxc7 34.dxc7 Ke7 35.Re3 Bxf5  0-1

[Event "TCh-AUT 2001-2"]
[Site "Graz AUT"]
[Date "2002.01.20"]
[Round "8"]
[White "Loeffler,S"]
[Black "Druckenthaner,A"]
[Result "1-0"]
[WhiteElo "2400"]
[BlackElo "2330"]

1.d4 d5 2.c4 Nc6 3.Nc3 dxc4 4.Nf3 Nf6 5.e3 Bg4 6.Bxc4 e6 7.h3 Bh5 8.Bb5 Bb4
9.a3 Bxc3+ 10.bxc3 Qd5 11.Be2 Ne4 12.Bb2 O-O 13.O-O Nd6 14.a4 Nc4 15.Bc1 f5
16.Rb1 Nd6 17.c4 Qe4 18.Ba3 f4 19.Bd3  1-0

[Event "54th ch-YUG Youth"]
[Site "Obrenovac YUG"]
[Date "2002.01.22"]
[Round "13"]
[White "Draganic,V"]
[Black "Nadjhedjesi,B"]
[Result "1/2-1/2"]
[WhiteElo "2178"]
[BlackElo "2272"]

1.d4 d5 2.c4 Nc6 3.cxd5 Qxd5 4.e3 e5 5.Nc3 Bb4 6.Bd2 Bxc3 7.bxc3 Nf6 8.Ne2 Ne4
9.f3 Nxd2 10.Qxd2 exd4 11.cxd4 O-O 12.e4 Qd6 13.d5 Ne7 14.Nc3 c6 15.dxc6  1/2-1/2

[Event "18th Open"]
[Site "Skopje MKD"]
[Date "2002.01.22"]
[Round "8"]
[White "Andonovski,L"]
[Black "Ilic,Ljubo"]
[Result "1-0"]
[WhiteElo "2330"]
[BlackElo "2289"]

1.d4 d5 2.c4 Nc6 3.cxd5 Qxd5 4.e3 e5 5.Nc3 Bb4 6.Bd2 Bxc3 7.bxc3 Nf6 8.Ne2 O-O
9.f3 Qd6 10.Ng3 Re8 11.Be2 h5 12.O-O h4 13.Nh1 h3 14.g3 exd4 15.exd4 Be6
16.Nf2 Rad8 17.Bg5 Nd5 18.Ne4 Qa3 19.Bxd8 Rxd8 20.Qc1 Qa5 21.Re1 Bf5 22.Bc4 Bxe4
23.fxe4 Nxc3 24.Re3 Nb5 25.Bxb5 Qxb5 26.d5 Nd4 27.Qxc7 Rd7 28.Qc8+ Kh7 29.g4 Ne2+
30.Kf2 Nf4 31.Qc2 Qb6 32.Rb1 Qg6 33.Rg1 Rxd5 34.Rgg3 Rd8 35.Qc7 Ne6 36.Rxh3+ Kg8
37.Qc2 Qxg4 38.Qe2 Qg5 39.Rhg3 Qe5 40.Rd3 Rc8 41.Rd5 Qf4+ 42.Kg1 Qc1+ 43.Rd1 Qc5+
44.Qe3 Qa5 45.Rg2 g6 46.Rf2 Rc3 47.Qd2 Qc5 48.Kg2 Qe5 49.Re1 Rc4 50.Qe3 a5
51.Qg3 Qc5 52.Qb8+ Kg7 53.Ref1 Qg5+ 54.Kh1 Rc7 55.Qe8 Nd8 56.a4 Qe7 57.Qxe7 Rxe7
58.Re2 Ne6 59.e5 Rd7 60.Re4 Rd2 61.Rb1 Ra2 62.h4 Nc5 63.Rc4 Nxa4 64.Rxb7 Rb2
65.Rcc7 Rxb7 66.Rxb7 Nc5 67.Rb5 Nd7 68.Rxa5 Kf8 69.Kg2 Ke7 70.Kg3 Nf8 71.Kf4 Ne6+
72.Ke4 Ng7 73.Ra7+ Ke6 74.Ra6+ Ke7 75.Kf4 Ne6+ 76.Kg4 Nc5 77.Ra5 Ne6 78.Ra7+ Kf8
79.Kf3 Ng7 80.Kf4 Ne6+ 81.Kg4 Kg7 82.Ra8 Nd4 83.Re8 Ne6 84.Kf3 Nd4+ 85.Kg4 Ne6
86.Rxe6 fxe6 87.Kg5 Kf7 88.Kh6  1-0

[Event "Unilog-Integrata IM"]
[Site "Griesheim GER"]
[Date "2002.01.24"]
[Round "2"]
[White "Koehler,R"]
[Black "Schramm,C"]
[Result "0-1"]
[WhiteElo "2275"]
[BlackElo "2355"]

1.d4 d5 2.c4 Nc6 3.Nc3 dxc4 4.Nf3 Nf6 5.e4 Bg4 6.Be3 Na5 7.Bxc4 Nxc4 8.Qa4+ c6
9.Qxc4 Bxf3 10.gxf3 e6 11.Rg1 Qd7 12.a4 g6 13.e5 Nd5 14.Ne4 h6 15.Ke2 Be7
16.Qc1 g5 17.Qc4 f5 18.exf6 Nxf6 19.a5 Qd5 20.Qd3 a6 21.Nc5 O-O-O 22.Rgc1 Bxc5
23.Rxc5 Qd6 24.Qc4 Nd7 25.h4 Nxc5 26.dxc5 Qe5 27.Rb1 gxh4 28.Qxh4 Rhf8 29.Qxh6 Qf5
30.Rd1 Qxf3+  0-1

[Event "Unilog-Integrata IM"]
[Site "Griesheim GER"]
[Date "2002.01.30"]
[Round "8"]
[White "Wornath,K"]
[Black "Schramm,C"]
[Result "1-0"]
[WhiteElo "2375"]
[BlackElo "2355"]

1.d4 d5 2.c4 Nc6 3.Nc3 Nf6 4.Nf3 Bg4 5.cxd5 Nxd5 6.e4 Nxc3 7.bxc3 e5 8.d5 Nb8
9.Qa4+ Nd7 10.Nxe5 Qf6 11.Be2 Qxe5 12.Bxg4 O-O-O 13.O-O Bc5 14.Rb1 Rhe8 15.Rxb7 Kxb7
16.Bxd7 Rxd7 17.Qxd7 Bb6 18.c4 Qxe4 19.c5  1-0

[Event "7th HIT Open"]
[Site "Nova Gorica SLO"]
[Date "2002.02.01"]
[Round "2"]
[White "Stantic,S"]
[Black "Kovacevic,B"]
[Result "0-1"]
[WhiteElo "2130"]
[BlackElo "2443"]

1.d4 d5 2.c4 Nc6 3.Nf3 Bg4 4.cxd5 Bxf3 5.dxc6 Bxc6 6.Nc3 e6 7.e4 Bb4 8.f3 Qh4+
9.g3 Qh5 10.Bg2 O-O-O 11.Be3 f5 12.Qb3 Bxc3+ 13.bxc3 fxe4 14.fxe4 Nf6 15.Bf4 Kb8
16.O-O Bxe4 17.Qxe6 Bxg2 18.Kxg2 Rhe8 19.Qc4 Re2+ 20.Rf2 Rxf2+ 21.Kxf2 Qxh2+
22.Kf3 Nd5 23.Rb1 Qh5+ 24.Kf2 Nxf4 25.gxf4 Qf5 26.Qb5 Qxf4+ 27.Ke2 Qe4+ 28.Kd2 Rf8  0-1

[Event "7th HIT Open"]
[Site "Nova Gorica SLO"]
[Date "2002.02.06"]
[Round "7"]
[White "Nikolic,Stank"]
[Black "Barle,J"]
[Result "0-1"]
[WhiteElo "2041"]
[BlackElo "2375"]

1.d4 d5 2.c4 Nc6 3.e3 e5 4.dxe5 d4 5.a3 a5 6.Nf3 Bg4 7.Be2 dxe3 8.Qxd8+ Rxd8
9.Bxe3 Bxf3 10.Bxf3 Nxe5 11.Be2 Nd3+ 12.Bxd3 Rxd3 13.Nc3 Ne7 14.Ke2 Rd7 15.Rhd1 Nf5
16.Rxd7 Kxd7 17.Rd1+ Kc8 18.Nd5 Nxe3 19.Nxe3 Bc5 20.a4 g6 21.Rd5 b6 22.g4 Rd8
23.Kf3 Rd6 24.b3 Rf6+ 25.Ke2 Rf4 26.h3 Bd4 27.Kd3 Bc5 28.Ke2 c6 29.Rd3 Kc7
30.f3 Rf6 31.Nc2 Re6+ 32.Kd2 g5 33.Ne3 Rh6 34.Nf5 Rxh3 35.Kc2 h5 36.gxh5 Rxh5
37.Rd1 Rh2+ 38.Rd2 Rh3 39.Rd3 Bb4 40.Re3 Rh2+ 41.Kd3 Rd2+ 42.Ke4 Bc5 43.Re1 Rb2
44.Rh1 Rxb3 45.Rh7 Rc3 46.Rxf7+ Kd8 47.Rg7 Rxc4+ 48.Ke5 Rxa4 49.Rxg5 Ra1
50.Rg8+ Kc7 51.Rg7+ Kb8 52.Nd6 Re1+ 53.Ne4 a4  0-1

[Event "10th Open"]
[Site "Valle d'Aosta ITA"]
[Date "2002.02.12"]
[Round "4"]
[White "Palac,M"]
[Black "Bukal,V jr"]
[Result "1-0"]
[WhiteElo "2580"]
[BlackElo "2404"]

1.d4 d5 2.c4 Nc6 3.Nf3 Bg4 4.cxd5 Bxf3 5.gxf3 Qxd5 6.e3 e5 7.Nc3 Bb4 8.Bd2 Bxc3
9.bxc3 Nf6 10.Rb1 exd4 11.cxd4 O-O 12.Bg2 Qxa2 13.O-O Rab8 14.f4 Rfe8 15.Qc1 Qe6
16.Rd1 Ne4 17.Be1 Ne7 18.f3 Nd6 19.e4 c6 20.f5 Qd7 21.Bg3 b6 22.f6 Ng6 23.fxg7 Kxg7
24.e5 Nb7 25.f4 Rbc8 26.Qa3 Na5 27.Qd3 f5 28.exf6+ Kxf6 29.f5 Ne7 30.Be5+ Kf7
31.Qh3 Rg8 32.Qxh7+ Ke8 33.f6 Rxg2+ 34.Kxg2 Qg4+ 35.Bg3 Qe2+ 36.Bf2 Qg4+
37.Bg3 Qe2+ 38.Bf2 Qg4+ 39.Kf1 Nd5 40.Re1+ Kf8 41.Re7  1-0

[Event "Petrov Mem Open"]
[Site "St Petersburg RUS"]
[Date "2002.02.13"]
[Round "2"]
[White "Ushenina,A"]
[Black "Kravtsov,S"]
[Result "0-1"]
[WhiteElo "2297"]
[BlackElo "2381"]

1.d4 d5 2.c4 Nc6 3.e3 e5 4.cxd5 Qxd5 5.Nc3 Bb4 6.Bd2 Bxc3 7.bxc3 Nf6 8.f3 e4
9.f4 O-O 10.c4 Qd6 11.Bc3 Ne7 12.Qd2 a5 13.Ne2 h5 14.Bb2 Nf5 15.Ng3 h4 16.Nxf5 Bxf5
17.Be2 Bg4 18.O-O Qd7 19.h3 Bxe2 20.Qxe2 Qf5 21.Qf2 c6 22.Qxh4 b5 23.g4 Qh7
24.Qxh7+ Kxh7 25.Rfc1 Rfb8 26.g5 bxc4 27.Rc2 Nd5 28.Kf2 Nb4 29.Rxc4 Nd3+
30.Kg3 Rxb2 31.Rxc6 Re2 32.Rc7 Rxe3+ 33.Kg4 g6 34.Rf1 Kg7 35.f5 gxf5+ 36.Rxf5 Rf8
37.d5 Re1 38.h4 Rg1+ 39.Kh3 e3 40.Re7 Nf2+ 41.Kh2 Rh1+ 42.Kg2 Rxh4 43.Rxe3 Ne4
44.Ra3 Rc8 45.Rxa5 Rc2+ 46.Kg1 Rg4+  0-1

[Event "Petrov Mem Open"]
[Site "St Petersburg RUS"]
[Date "2002.02.17"]
[Round "6"]
[White "Rychagov,A"]
[Black "Kravtsov,S"]
[Result "1-0"]
[WhiteElo "2544"]
[BlackElo "2381"]

1.d4 d5 2.c4 Nc6 3.Nc3 e5 4.cxd5 Nxd4 5.e3 Nf5 6.e4 Nfe7 7.Nf3 Ng6 8.Bb5+ Bd7
9.Qb3 Rb8 10.Be3 b6 11.Qa4 a5 12.Ng5 Nh6 13.Ne6 fxe6 14.dxe6 Bd6 15.Bxd7+ Kf8
16.O-O-O Ng4 17.e7+  1-0

[Event "Jersey Open"]
[Site "St Helier JCI"]
[Date "2002.02.26"]
[Round "3"]
[White "Fraser,M"]
[Black "Keeling,G"]
[Result "1-0"]
[WhiteElo "2147"]
[BlackElo "2053"]

1.d4 d5 2.c4 Nc6 3.cxd5 Qxd5 4.e3 e5 5.Nc3 Bb4 6.Bd2 Bxc3 7.Bxc3 exd4 8.Ne2 Nge7
9.Nxd4 Nxd4 10.Qxd4 Qxd4 11.Bxd4 O-O 12.Be2 Be6 13.O-O Rfd8 14.b4 Nd5 15.a3 a5
16.b5 a4 17.Rfc1 Ra5 18.Be5 Rd7 19.e4 Nf6 20.Bxc7 Ra8 21.f3 Rd2 22.Bf1 Bb3
23.Bf4 Rd7 24.b6 Nh5 25.Be3 h6 26.Be2 Rad8 27.Rc7 Nf6 28.Rac1 Kh7 29.Rxd7 Rxd7
30.Rc7 Kg8 31.e5  1-0

[Event "FSGM March"]
[Site "Budapest HUN"]
[Date "2002.03.02"]
[Round "1"]
[White "Lukacs,P"]
[Black "Antal,Ge"]
[Result "1/2-1/2"]
[WhiteElo "2444"]
[BlackElo "2426"]

1.d4 d5 2.c4 Nc6 3.Nc3 dxc4 4.Nf3 Nf6 5.e3 e5 6.Bxc4 exd4 7.exd4 Bd6 8.h3 O-O
9.O-O h6 10.a3 Bf5 11.Re1 Qd7 12.d5 Ne7 13.Be3 Ng6 14.Bb5 Qc8 15.Bf1 Re8
16.Rc1 a6 17.Qb3 b5 18.Bd4  1/2-1/2

[Event "TCh-ISR"]
[Site "ISR"]
[Date "2002.03.02"]
[Round "5"]
[White "Peker,O"]
[Black "Shrentzel,M"]
[Result "1-0"]
[WhiteElo "2404"]
[BlackElo "2326"]

1.d4 d5 2.c4 Nc6 3.Nf3 Bg4 4.Nc3 e6 5.cxd5 Bxf3 6.exf3 exd5 7.Bb5 Ne7 8.O-O Qd6
9.Qa4 O-O-O 10.Bxc6 Nxc6 11.Nb5 Qb4 12.Nxa7+ Kd7 13.Qxb4 Nxb4 14.Nb5 c6 15.Na3 Nd3
16.Nc2 Nxc1 17.Rfxc1 g6 18.a4 Ra8 19.Kf1 Bd6 20.Ke2 Bf4 21.Rd1 h5 22.g3 Bd6
23.h4 Rhb8 24.Kd3 Ra5 25.b3 Raa8 26.f4 b6 27.Ne3 Ra5 28.Ke2 b5 29.axb5 Raxb5  1-0

[Event "13th Goodricke"]
[Site "Calcutta IND"]
[Date "2002.03.18"]
[Round "2"]
[White "Suvrajit,S"]
[Black "Palit,S"]
[Result "1/2-1/2"]
[WhiteElo "2346"]
[BlackElo "2257"]

1.d4 d5 2.c4 Nc6 3.e3 e5 4.cxd5 Qxd5 5.Nc3 Bb4 6.Bd2 Bxc3 7.Bxc3 exd4 8.exd4 Nge7
9.Nf3 O-O 10.Be2 Be6 11.O-O Rad8 12.Qd2 f6 13.b3 Qd7 14.Rfe1 Nd5 15.Bb2 Rfe8
16.h3 a6 17.Rac1 Kh8 18.Bf1 Bf7 19.Rxe8+ Rxe8 20.Re1 Rxe1 21.Nxe1 Nde7 22.Nc2 Nd5
23.Ne3 Nce7 24.Be2 c6 25.Ba3 Be6 26.Bf3 Ng6 27.Nxd5 Bxd5 28.Bxd5 Qxd5 29.Qe3 h6
30.g3 Qf5 31.h4 Kh7 32.Kg2 Qd5+ 33.Kg1 h5 34.Bc5 Qf7 35.Qf3 Kh6 36.Qf5 Qd5
37.Qc8 Qe4 38.Qxb7 Nxh4 39.gxh4 Qg4+ 40.Kf1 Qd1+ 41.Kg2 Qg4+  1/2-1/2

[Event "6th Neckar Open"]
[Site "Deizisau GER"]
[Date "2002.03.29"]
[Round "2"]
[White "Epishin,V"]
[Black "Zaragatski,I"]
[Result "1-0"]
[WhiteElo "2599"]
[BlackElo "2246"]

1.d4 d5 2.c4 Nc6 3.Nf3 e5 4.dxe5 Bb4+ 5.Bd2 dxc4 6.e3 Be6 7.Be2 Nge7 8.O-O O-O
9.Bxb4 Nxb4 10.Nd4 Qd5 11.Na3 Qxe5 12.Nxe6 Qxe6 13.Nxc4 b5 14.Qb3 c5 15.Nd2 a6
16.Qxe6 fxe6 17.b3 Rac8 18.Rfc1 Rc7 19.a3 Nbd5 20.a4 Rb8 21.axb5 axb5 22.Ne4 c4
23.bxc4 bxc4 24.Rxc4 Rxc4 25.Bxc4 Rc8 26.Bb3 Rb8 27.Nc5 Rb5 28.Rc1 Kf7 29.g3 Nc7
30.e4 Rb6 31.Rc3 g6 32.Nd7 Rb5 33.Kg2 Ne8 34.Rf3+ Kg7 35.Bxe6 Nd6 36.e5 Ndf5
37.Rd3 Rb2 38.Bxf5 Nxf5 39.Nf6 Kf7 40.Nxh7 Ke6 41.Nf8+  1-0

[Event "FSGMA April"]
[Site "Budapest HUN"]
[Date "2002.04.10"]
[Round "9"]
[White "Hoang Thanh Trang"]
[Black "Antal,Ge"]
[Result "0-1"]
[WhiteElo "2431"]
[BlackElo "2426"]

1.d4 d5 2.c4 Nc6 3.cxd5 Qxd5 4.e3 e5 5.Nc3 Bb4 6.Bd2 Bxc3 7.bxc3 Nf6 8.f3 O-O
9.e4 Qd6 10.d5 Ne7 11.c4 Nd7 12.Ne2 f5 13.Nc3 Qg6 14.Qe2 Nf6 15.Qe3 fxe4
16.Nxe4 Nxe4 17.Qxe4 Bf5 18.Qxe5 Nc6 19.Qc3 Rae8+ 20.Kf2 Ne5 21.h3 h5 22.Bf4 Nd3+
23.Bxd3 Bxd3 24.Be5 Rxe5 25.Qxe5 Re8 26.Qb2 h4 27.g4 hxg3+ 28.Kg1 Qf5 29.Qb5 Re5  0-1

[Event "FSGMA April"]
[Site "Budapest HUN"]
[Date "2002.04.14"]
[Round "13"]
[White "Markus,R"]
[Black "Antal,Ge"]
[Result "1-0"]
[WhiteElo "2470"]
[BlackElo "2426"]

1.d4 d5 2.c4 Nc6 3.Nc3 dxc4 4.Nf3 Nf6 5.e4 Bg4 6.Be3 Bxf3 7.gxf3 e5 8.d5 Nb8
9.Bxc4 Bd6 10.Qb3 b6 11.Bb5+ Nfd7 12.Rg1 Kf8 13.O-O-O a6 14.Bc6 Ra7 15.Qa4 Nc5
16.Bxc5 Bxc5 17.Nb5 axb5 18.Qxa7 Bxf2 19.Bxb5 Bxg1 20.Rxg1 Ke7 21.Qa3+ Qd6
22.Qxd6+ Kxd6 23.Rxg7 c6 24.dxc6 Nxc6 25.Bxc6 Kxc6 26.Rxf7 Rg8 27.Rxh7 Rg2
28.Rh6+ Kc5 29.Re6 Rxh2 30.Rxe5+ Kc4 31.Rd5 Rf2 32.Rd1 Rxf3 33.Re1 Rf6 34.e5 Re6
35.Kc2 Kd5 36.Kb3 Kc6 37.Kb4 Kc7 38.Kb5 Rh6 39.b4 Rh5 40.a4 Kb7 41.a5 bxa5
42.bxa5 Rg5 43.Kc5 Kc7 44.Kd5 Kd7 45.Rh1 Rg2 46.Rh7+ Ke8 47.a6 Ra2 48.a7 Ra5+
49.Ke6 Ra6+ 50.Kf5  1-0

[Event "VIII Leonardo di Bona Open"]
[Site "Cutro ITA"]
[Date "2002.04.26"]
[Round "4"]
[White "Roeder,M"]
[Black "Skembris,S"]
[Result "1-0"]
[WhiteElo "2487"]
[BlackElo "2429"]

1.d4 d5 2.c4 Nc6 3.Nc3 Nf6 4.Nf3 Bg4 5.cxd5 Nxd5 6.e4 Nb6 7.d5 Bxf3 8.gxf3 Ne5
9.f4 Ned7 10.a4 a5 11.Bb5 Qc8 12.Be3 c6 13.Rc1 e6 14.dxc6 bxc6 15.Na2 c5
16.b4 Qb7 17.bxc5 Qxe4 18.Rg1 Nd5 19.Rc4 Qf5 20.Rg5 Qh3 21.Bxd7+ Kxd7 22.Rxd5+ Ke8
23.Rg5 Be7 24.Rxg7 Kf8 25.Rg3 Qxh2 26.Qf3 Rb8 27.c6 Bd6 28.c7 Rc8 29.Qc6 Ke7
30.Bc5 Bxc5 31.Qxc5+ Ke8 32.Qc6+ Ke7 33.Rd4 Kf6 34.Rd7 Rhe8 35.Nc3 h6 36.Ne4+ Kf5
37.Rxf7+  1-0

[Event "52nd ch-RUS w"]
[Site "Elista RUS"]
[Date "2002.05.14"]
[Round "5"]
[White "Slavina,I"]
[Black "Styazhkina,O"]
[Result "1-0"]
[WhiteElo "2370"]
[BlackElo "2355"]

1.d4 d5 2.c4 Nc6 3.Nf3 Bg4 4.Nc3 Bxf3 5.exf3 e6 6.cxd5 exd5 7.Bb5 Bb4 8.O-O Ne7
9.Bg5 f6 10.Be3 O-O 11.Qb3 Bxc3 12.Qxc3 Qd6 13.Rac1 Rac8 14.Rfe1 Nd8 15.Bf4 Qxf4
16.Rxe7 c6 17.Bd3 Rc7 18.Rxc7 Qxc7 19.Re1 Qd6 20.Qc2 h6 21.Bh7+ Kh8 22.Bf5 b6
23.g3 c5 24.dxc5 bxc5 25.Qa4 a6 26.Qg4 g5 27.Qh5 Qc7 28.Qxh6+ Kg8 29.Rd1 d4
30.Be4 Qg7 31.Bd5+ Nf7 32.Qh3 Rd8 33.Qe6 Kf8 34.Qc6 Ne5 35.Qxc5+ Qe7 36.Qxe7+ Kxe7
37.Be4 Ke6 38.g4 Nc4 39.b3 Na3 40.Bd3 Rd6 41.Kf1 Nb5 42.Re1+ Kd5 43.Bc4+ Kc5
44.Bxb5 axb5 45.Rc1+ Kb4 46.Ke2 d3+ 47.Kd2 Ra6 48.a4 bxa4 49.bxa4 Rd6 50.Rc3 Kxa4
51.Rxd3 Re6 52.Rd5 Kb3 53.Kd3 Kb2 54.f4 gxf4 55.Rf5  1-0

[Event "Open"]
[Site "Lido Estensi ITA"]
[Date "2002.06.14"]
[Round "7"]
[White "Bukal,V jr"]
[Black "Peek,Mar"]
[Result "1-0"]
[WhiteElo "2393"]
[BlackElo "2345"]

1.d4 d5 2.c4 Nc6 3.Nc3 dxc4 4.Nf3 Nf6 5.Bg5 h6 6.Bh4 a6 7.d5 Na7 8.e4 Nb5
9.Bxc4 Nxc3 10.bxc3 Nxe4 11.O-O Nd6 12.Bb3 g5 13.Qd4 Rg8 14.Bg3 Bg7 15.Be5 Nf5
16.Qe4 Bxe5 17.Nxe5 Qd6 18.Rfe1 Kf8 19.Rad1 Rg7 20.c4 f6 21.Nd3 b6 22.c5 bxc5
23.Nxc5 Qf4 24.Qd3 Nd6 25.Qc3 a5 26.Nd3 Qf5 27.Qxc7 Qd7 28.Qc3 Qa7 29.Nc5 Bf5
30.Rc1 Rc8 31.Qe3 Rc7 32.a4 Kg8 33.h3 Kh8 34.g4 Bc8 35.Rc3 h5 36.f3 Qb8 37.Rec1 h4
38.Qd2 Ne8 39.Qh2 Nd6 40.R1c2 Qb4 41.Qf2 Qb8 42.Qh2 Qb4 43.Ba2 Ne8 44.Qd2 Qb6
45.Kg2 f5 46.Qe1 Qd6 47.Nd3 fxg4 48.fxg4 Rxc3 49.Rxc3 Bb7 50.Qe5 Nf6 51.Rc5 Ne4
52.Rc7 Ba6 53.Rc6 Qa3 54.Rh6+ Kg8 55.Qe6+ Rf7 56.Qg6+  1-0

[Event "3rd IECC"]
[Site "Batumi GEO"]
[Date "2002.06.26"]
[Round "13"]
[White "Priehoda,V"]
[Black "Bae,T"]
[Result "1-0"]
[WhiteElo "2425"]
[BlackElo "2314"]

1.d4 d5 2.c4 Nc6 3.Nc3 dxc4 4.d5 Ne5 5.f4 Ng4 6.e4 e5 7.f5 N8h6 8.Nf3 Bc5
9.Bxc4 Nf2 10.Qb3 a6 11.Rf1 b5 12.Be2 b4 13.Na4 Nxe4 14.Qc4 Bd4 15.Bxh6 Nd6
16.Qxb4 gxh6 17.Nxd4 exd4 18.Qxd4 O-O 19.f6 Re8 20.Nc3 Kh8 21.Qf4 Nf5 22.g4 Rb8
23.O-O-O Qxf6 24.Qd2 Rb4 25.gxf5 Bd7 26.Rf4 Reb8 27.Rxb4 Rxb4 28.d6 Bxf5
29.Nd5  1-0

[Event "17th North Sea Cup"]
[Site "Esbjerg DEN"]
[Date "2002.07.08"]
[Round "4"]
[White "Hansen,Cu"]
[Black "Hansen,SuB"]
[Result "0-1"]
[WhiteElo "2625"]
[BlackElo "2545"]

1.d4 d5 2.c4 Nc6 3.Nc3 dxc4 4.Nf3 Nf6 5.Bg5 a6 6.e4 h6 7.Bxf6 exf6 8.Bxc4 Bd6
9.h3 O-O 10.a3 Rb8 11.O-O b5 12.Bb3 b4 13.axb4 Nxb4 14.Re1 c5 15.e5 fxe5
16.dxe5 Be7 17.Ne4 Nd3 18.Re3 Nxb2 19.Qc2 c4 20.Bxc4 Nxc4 21.Qxc4 Rb4 22.Qc2 Qb6
23.Rd1 Be6 24.Nd6 Rd8 25.Qd3 Bxd6 26.exd6 a5 27.Rxe6 fxe6 28.Ne5 Rb2 29.Ng4 Qb3
30.Nxh6+ Kf8 31.Qd4 e5 32.Qg4 gxh6 33.Rc1 Qf7 34.Qh4 Rxd6 35.Rc8+ Kg7 36.Qg3+ Kh7  0-1

[Event "XX Open"]
[Site "Andorra la Vella AND"]
[Date "2002.07.11"]
[Round "6"]
[White "Gustafsson,J"]
[Black "Andres Gonzalez,A"]
[Result "1-0"]
[WhiteElo "2542"]
[BlackElo "2399"]

1.d4 d5 2.c4 Nc6 3.cxd5 Qxd5 4.e3 e5 5.Nc3 Bb4 6.Bd2 Bxc3 7.bxc3 Qd6 8.Bd3 Nf6
9.f3 O-O 10.Ne2 Re8 11.O-O Be6 12.Qc1 h6 13.Be1 Bd7 14.Bg3 Rad8 15.e4 Qe7
16.Kh1 Nh5 17.Bf2 Na5 18.Rg1 c5 19.Qe3 cxd4 20.cxd4 exd4 21.Nxd4 Nc6 22.Nxc6 Bxc6
23.Bc4 a6 24.Rac1 Rd6 25.Qc5 Nf4 26.Bg3 Nd3 27.Bxd6 Qxd6 28.Bxd3 Qxd3 29.Qc3 Qe2
30.Qc2 Qe3 31.Rge1 Qf4 32.Rcd1 f6 33.Kg1 Kh8 34.Qd2 Qe5 35.Qd4 Qa5 36.Rd2 Qg5
37.Qf2 Qb5 38.Rc1 Qa5 39.Rc5 Qb4 40.h3 Qb1+ 41.Kh2 Qb6 42.Qd4 Qc7+ 43.Qd6 Qf7
44.Qg3 Qe7 45.Rd6 Qf7 46.Rc2 Kh7 47.Rcd2 Qc4 48.Qf4 Qc5 49.Rd8 Qe5 50.Qxe5 Rxe5
51.R8d4 Kg6 52.Kg3 Kf7 53.Rc2 Ke7 54.Kf4 Ra5 55.Rdc4 Kd6 56.R4c3 Rb5 57.Ke3 Rb1
58.Rd2+ Ke6 59.Rc5 g6 60.Kf4 Rb4 61.Ke3 Rb1 62.Rcc2 Rb4 63.Rd8 h5 64.h4 Rb1
65.Kf4 a5 66.Rcd2 Rc1 67.R8d6+ Kf7 68.e5 Rc4+ 69.R6d4 Rc5 70.exf6 Kxf6 71.Rd6+ Kf7
72.Re2 Rc4+ 73.Kg5  1-0